| 000 | 00538cam a22001577a 4500 | ||
|---|---|---|---|
| 020 | _a9781933107813 | ||
| 050 | 0 | 0 |
_aRC440 _b.M46 2011 |
| 245 | 0 | 0 |
_aRN mental health nursing review module / _cedited by Audrey Knippa et...al. |
| 250 | _a8th ed. | ||
| 260 |
_a[USA] : _bAssessment Technologies Institute, _cc2011. |
||
| 300 | _axv, 289 p. : | ||
| 650 |
_xPsychiatric nursing ; _xNational Council Licensure Examination for Registered Nurses ; _xUnited States. |
||
| 700 | 1 | _aClarke, Victoria, | |
| 700 | 1 | _aWalsh, Andrew, | |
| 942 |
_2lcc _cGEN |
||
| 999 |
_c11014 _d11014 |
||